Statistiques concernant Pokémon partie 2 : 4ère gén à la 8ème gén (405 suivants)

Cliquez ici pour prendre le quiz!

Statistiques générales

  • Ce quiz a été pris 33 fois
  • Le résultat moyen est 275 sur 405

Statistiques - réponses

#889PokémonType 1Type 2% Correct
494VictiniPSYFEU
89%
716XerneasFEE/
89%
717YveltalTENEBRESVOL
89%
718ZygardeDRAGONSOL
89%
631AflamanoirFEU/
78%
534BétochefCOMBAT/
78%
641BoréasVOL/
78%
722BrindibouPLANTEVOL
78%
701BrutalibréCOMBATVOL
78%
715BruyverneVOLDRAGON
78%
509ChacripanTENEBRES/
78%
572ChinchidouNORMAL/
78%
503ClamiralEAU/
78%
553CrocoribleSOLTENEBRES
78%
521DéflaisanNORMALVOL
78%
645DémétérosSOLVOL
78%
723EfflèchePLANTEVOL
78%
587EmolgaELECTRIKVOL
78%
552EscrocoSOLTENEBRES
78%
632FermiteINSECTE/
78%
511FeuillajouPLANTE/
78%
512FeuiloutanPLANTE/
78%
653FeunnecFEU/
78%
513FlamajouFEU/
78%
514FlamoutanFEU/
78%
515FlotajouEAU/
78%
516FlotoutanEAU/
78%
642FulgurisELECTRIKVOL
78%
525GéolitheROCHE/
78%
655GoupelinFEUPSY
78%
712GrelaçonGLACE/
78%
656GrenousseEAU/
78%
499GrotichonFEUCOMBAT
78%
498GruikuiFEU/
78%
667HélionceauFEUNORMAL
78%
615HexagelGLACE/
78%
589LançargotINSECTEACIER
78%
510LéopardusTENEBRES/
78%
495 | 496LianajaPLANTE/
78%
801MagearnaACIERFEE
78%
497MajaspicPLANTE/
78%
551MascaïmanSOLTENEBRES
78%
508MastouffeNORMAL/
78%
502MateloutreEAU/
78%
530MinotaupeSOLACIER
78%
505MiradarNORMAL/
78%
501MoustillonEAU/
78%
517MunnaPSY/
78%
518MushanaPSY/
78%
596MygavoltINSECTEELECTRIK
78%
531NanméouïeNORMAL/
78%
668NéméliosFEUNORMAL
78%
598NoacierPLANTEACIER
78%
524NodulitheROCHE/
78%
519PoichigeonNORMALVOL
78%
507PonchienNORMAL/
78%
506PonchiotNORMAL/
78%
504RatentifNORMAL/
78%
643ReshiramDRAGONFEU
78%
500RoitiflamFEUCOMBAT
78%
529RototaupeSOL/
78%
624ScalpionTENEBRESACIER
78%
625ScalproieTENEBRESACIER
78%
686SepiatopTENEBRESPSY
78%
713SéracrawlGLACE/
78%
714SonistrelleVOLDRAGON
78%
703StrassieROCHEFEE
78%
543VenipatteINSECTEPOISON
78%
522ZébibronELECTRIK/
78%
523ZéblitzELECTRIK/
78%
644ZékromDRAGONELECTRIK
78%
567AéroptéryxROCHEVOL
67%
805Ama-AmaROCHEACIER
67%
698AmagaraROCHEGLACE
67%
658AmphinobiEAUTENEBRES
67%
602AnchwattELECTRIK/
67%
861AngoliathTENEBRESFEE
67%
751AraquaEAUINSECTE
67%
724ArchéducPLANTESPECTRE
67%
735ArgousteNORMAL/
67%
566ArkéaptiROCHEVOL
67%
817ArrozardEAU/
67%
826AstronelleINSECTEPSY
67%
769BacabouhSPECTRESOL
67%
811BadabouinPLANTE/
67%
560BaggaïdTENEBRESCOMBAT
67%
559BaggiguaneTENEBRESCOMBAT
67%
797BamboiselleACIERVOL
67%
711BanshitrouyeSPECTREPLANTE
67%
550BargantuaEAU/
67%
536BatracnéEAUSOL
67%
733BazoucanNORMALVOL
67%
782BébécailleDRAGONCOMBAT
67%
875BekaglaçonGLACE/
67%
873BeldeneigeGLACEINSECTE
67%
863BerserkattACIER/
67%
856BibichutPSY/
67%
830BlancotonPLANTE/
67%
822BleuseilleVOL/
67%
652BlindépiquePLANTECOMBAT
67%
896BlizzevalGLACE/
67%
651BoguérissePLANTE/
67%
742BombydouINSECTEFEE
67%
776BoumataFEUDRAGON
67%
750BourrinosSOL/
67%
708BrocélômeSPECTREPLANTE
67%
545BrutapodeINSECTEPOISON
67%
796CablifèreELECTRIK/
67%
672CabriolainePLANTE/
67%
795CancreloveINSECTECOMBAT
67%
762CandinePLANTE/
67%
588CarabingINSECTE/
67%
564CarapagosEAUROCHE
67%
857ChapotusPSY/
67%
532CharpentiCOMBAT/
67%
760CheloursNORMALCOMBAT
67%
673ChevroumPLANTE/
67%
548ChlorobulePLANTE/
67%
527ChovsourirPSYVOL
67%
737ChrysapileINSECTEELECTRIK
67%
600ClicACIER/
67%
601CliticlicACIER/
67%
638CobaltiumACIERCOMBAT
67%
683CocotineFEE/
67%
825ColéodômeINSECTEPSY
67%
705ColimucusDRAGON/
67%
520ColombeauNORMALVOL
67%
771ConcombaffeEAU/
67%
823CorvaillusVOLACIER
67%
676CouafarelNORMAL/
67%
580CouanetonEAUVOL
67%
610CoupenotteDRAGON/
67%
541CouverdureINSECTEPLANTE
67%
739CrabagarreCOMBAT/
67%
558CrabaraqueINSECTEROCHE
67%
557CrabicoqueINSECTEROCHE
67%
740CrabominableCOMBATGLACE
67%
537CrapustuleEAUSOL
67%
657CroâporalEAU/
67%
761CroquinePLANTE/
67%
561CryptéroPSYVOL
67%
685CupcanailleFEE/
67%
555DarumachoFEU/
67%
554DarumarondFEU/
67%
702DedenneELECTRIKFEE
67%
779DenticrisseEAUPSY
67%
709DesséliandeSPECTREPLANTE
67%
634DiamatTENEBRESDRAGON
67%
719DiancieROCHEFEE
67%
680DimoclèsACIERSPECTRE
67%
886DispareptilDRAGONSPECTRE
67%
874DolmanROCHE/
67%
546DoudouvetPLANTEFEE
67%
699DragmaraROCHEGLACE
67%
780DraïeulNORMALDRAGON
67%
621DrakkarminDRAGON/
67%
842DratatinPLANTEDRAGON
67%
844DunacondaSOL/
67%
843DunajaSOL/
67%
783ÉcaïdDRAGONCOMBAT
67%
784ÉkaïserDRAGONCOMBAT
67%
846EmbrochetEAU/
67%
799EngloutyranTENEBRESDRAGON
67%
616EscargaumeINSECTE/
67%
890ÉthernatosPOISONDRAGON
67%
681ExagideACIERSPECTRE
67%
660ExcavarenneNORMALSOL
67%
885FantyrmDRAGONSPECTRE
67%
547FarfaduvetPLANTEFEE
67%
727FélinfernoFEUTENEBRES
67%
669FlabébéFEE/
67%
813FlambinoFEU/
67%
725FlamiaouFEU/
67%
692FlingousteEAU/
67%
670FloetteFEE/
67%
754FloramantisPLANTE/
67%
671FlorgesFEE/
67%
682FluvetinFEE/
67%
860FourbelinTENEBRESFEE
67%
549FragiladyPLANTE/
67%
626FrisonNORMAL/
67%
872FrissonilleGLACEINSECTE
67%
746FroussardineEAU/
67%
836FulgudogELECTRIK/
67%
607FunécireSPECTREFEU
67%
627FuraiglonNORMALVOL
67%
881GalvaglaELECTRIKGLACE
67%
880GalvagonELECTRIKDRAGON
67%
694GalvaranELECTRIKNORMAL
67%
693GamblastEAU/
67%
591GauletPLANTEPOISON
67%
649GénésectINSECTEACIER
67%
526GigalitheROCHE/
67%
623GolemastocSOLSPECTRE
67%
689GolgopatheROCHEEAU
67%
812GorythmicPLANTE/
67%
827 | 828GoupilouTENEBRES/
67%
765GouroutanNORMALPSY
67%
850GrillepattesFEUINSECTE
67%
859GrimalinTENEBRESFEE
67%
597GrindurPLANTEACIER
67%
622GringolemSOLSPECTRE
67%
628GuériaigleNORMALVOL
67%
764GuérilandeFEE/
67%
847HastacudaEAU/
67%
586HaydaimNORMALPLANTE
67%
720HoopaPSYSPECTRE
67%
883HydraglaEAUGLACE
67%
882HydragonEAUDRAGON
67%
695IguoltaELECTRIKNORMAL
67%
611IncisacheDRAGON/
67%
538JudokrakCOMBAT/
67%
539KaracléeCOMBAT/
67%
798KatagamiPLANTEACIER
67%
647KeldéoEAUCOMBAT
67%
833KhélocrokEAU/
67%
853KrakosCOMBAT/
67%
691KravarechPOISONEAU
67%
619KungfouineCOMBAT/
67%
646KyuremDRAGONGLACE
67%
581LakmécygneEAUVOL
67%
603LampéroieELECTRIK/
67%
756LampignonPLANTEFEE
67%
887LanssorienDRAGONSPECTRE
67%
814LapyroFEU/
67%
816LarméléonEAU/
67%
824LarvadarINSECTE/
67%
540LarveyetteINSECTEPLANTE
67%
736LarvibuleINSECTE/
67%
664LépidonilleINSECTE/
67%
605LewsorPSY/
67%
818LézargusEAU/
67%
617LimaspeedINSECTE/
67%
618LimondeELECTRIKSOL
67%
745LougarocROCHE/
67%
738LucanonINSECTEELECTRIK
67%
609LugulabreSPECTREFEU
67%
792LunalaPSYSPECTRE
67%
758MalamandrePOISONFEU
67%
594MamanboEAU/
67%
804MandrillonPOISONDRAGON
67%
734MangloutonNORMAL/
67%
542ManternelINSECTEPLANTE
67%
556MaracachiPLANTE/
67%
650MarissonPLANTE/
67%
802MarshadowCOMBATSPECTRE
67%
726MatoufeuFEU/
67%
565MégapagosEAUROCHE
67%
578MéiosPSY/
67%
608MélancoluxSPECTREFEU
67%
809MelmetalACIER/
67%
648MéloettaNORMALPSY
67%
808MeltanACIER/
67%
575MesmérellaPSY/
67%
774MéténoROCHEVOL
67%
866M. GlaquetteGLACEPSY
67%
568MiamiasmePOISON/
67%
569MiasmaxPOISON/
67%
753MimantisPLANTE/
67%
778MimiquiSPECTREFEE
67%
821MinisangeVOL/
67%
678MistigrixPSY/
67%
679MonorpaleACIERSPECTRE
67%
877MorpekoELECTRIKTENEBRES
67%
832MoumouflonNORMAL/
67%
831MoumoutonNORMAL/
67%
794MouscotoINSECTECOMBAT
67%
593MoyadeEAUSPECTRE
67%
704MucusculeDRAGON/
67%
706MuplodocusDRAGON/
67%
606NeitramPSY/
67%
845NigosierVOLEAU
67%
759NounoursonNORMALCOMBAT
67%
577NucléosPSY/
67%
700NymphaliFEE/
67%
604OhmassacreELECTRIK/
67%
688OpermineROCHEEAU
67%
730OratoriaEAUFEE
67%
728OtaquinEAU/
67%
729OtarletteEAU/
67%
810OuistempoPLANTE/
67%
533OuvrifierCOMBAT/
67%
675PandarbareCOMBATTENEBRES
67%
674PandespiègleCOMBAT/
67%
573PashmillaNORMAL/
67%
665PérégrainINSECTE/
67%
731PicassautNORMALVOL
67%
732PiclaironNORMALVOL
67%
806PierroteknikFEUSPECTRE
67%
710PitrouilleSPECTREPLANTE
67%
614PolagriffeGLACE/
67%
613PolarhumeGLACE/
67%
852PoulpafCOMBAT/
67%
748PrédastériePOISONEAU
67%
666PrismillonINSECTEVOL
67%
677PsystigriPSY/
67%
696PtyranidurROCHEDRAGON
67%
637PyraxINSECTEFEU
67%
815PyrobutFEU/
67%
636PyronilleINSECTEFEU
67%
766QuartermacCOMBAT/
67%
895RegidragoDRAGON/
67%
894RegielekiELECTRIK/
67%
697RexilliusROCHEDRAGON
67%
528RhinolovePSYVOL
67%
744RocabotROCHE/
67%
819RongourmandNORMAL/
67%
820RongrigouNORMAL/
67%
654RoussilFEU/
67%
743RubombelleINSECTEFEE
67%
659SapereauNORMAL/
67%
768SarmuraiINSECTEEAU
67%
544ScobolideINSECTEPOISON
67%
851ScolocendreFEUINSECTE
67%
574ScrutellaPSY/
67%
687SepiatroceTENEBRESPSY
67%
620ShaofouineCOMBAT/
67%
892ShifoursCOMBATTENEBRES
67%
576SidérellaPSY/
67%
781SinistrailSPECTREPLANTE
67%
791SolgaleoPSYACIER
67%
633SolochiTENEBRESDRAGON
67%
582SorbébéGLACE/
67%
584SorbouboulGLACE/
67%
583SorboulGLACE/
67%
858SorcilencePSYFEE
67%
767SovkipouINSECTEEAU
67%
897SpectrevalSPECTRE/
67%
755SpododoPLANTEFEE
67%
595StatitikINSECTEELECTRIK
67%
763SucreinePLANTE/
67%
684SucroquinFEE/
67%
898SylveroyPSYPLANTE
67%
579Symbios‎PSY/
67%
752TarenbulleEAUINSECTE
67%
639TerrakiumROCHECOMBAT
67%
749TiboudetSOL/
67%
599TicACIER/
67%
777TogedemaruELECTRIKACIER
67%
788TokopiscoEAUFEE
67%
786TokopiyonPSYFEE
67%
785TokoricoELECTRIKFEE
67%
787TokotoroPLANTEFEE
67%
834TorgamordEAUROCHE
67%
612TranchodonDRAGON/
67%
770TrépassableSPECTRESOL
67%
635TrioxhydreTENEBRESDRAGON
67%
535TritondeEAU/
67%
757TritoxPOISONFEU
67%
590TrompignonPLANTEPOISON
67%
707TrousselinACIERFEE
67%
562TutafehSPECTRE/
67%
563TutankaferSPECTRE/
67%
867TutétékriSOLSPECTRE
67%
630VaututriceTENEBRESVOL
67%
803VéminiPOISON/
67%
690VenalguePOISONEAU
67%
640ViridiumPLANTECOMBAT
67%
592ViskuseEAUSPECTRE
67%
585VivaldaimNORMALPLANTE
67%
721VolcanionFEUEAU
67%
835VoltoutouELECTRIK/
67%
747VorastériePOISONEAU
67%
629VostournoTENEBRESVOL
67%
891WushoursCOMBAT/
67%
888ZacianFEEACIER
67%
898ZamazentaCOMBATACIER
67%
893ZarudePLANTETENEBRES
67%
807ZéraoraELECTRIK/
67%
793ZéroïdROCHEPOISON
67%
662BraisillonFEUVOL
56%
837CharbiROCHE/
56%
878CharibariACIER/
56%
869CharmillyFEE/
56%
864CorayômeSPECTRE/
56%
789CosmogPSY/
56%
790CosmovumPSY/
56%
868CrèmyFEE/
56%
775DodoalaNORMAL/
56%
884DuralugonACIERDRAGON
56%
663FlambusardFEUVOL
56%
870HexadronCOMBAT/
56%
862IxonTENEBRESNORMAL
56%
839MonthraciteROCHEFEU
56%
800NecrozmaPSY/
56%
879PachyradjahACIER/
56%
865PalartichoCOMBAT/
56%
661PasserougeNORMALVOL
56%
741PlumelineVOL/
56%
855PolthégeistSPECTRE/
56%
841PomdrapiPLANTEDRAGON
56%
849SalarsenELECTRIKPOISON
56%
773SilvalliéNORMAL/
56%
854ThéffroiSPECTRE/
56%
829TournicotonPLANTE/
56%
848ToxizapELECTRIKPOISON
56%
772Type:0NORMAL/
56%
840VerpomPLANTEDRAGON
56%
838WagomineROCHEFEU
56%
871WattapikELECTRIK/
56%
876WimessirPSYNORMAL
56%
571ZoroarkTENEBRES/
56%
570ZoruaTENEBRES/
56%

Distribution des résultats

Percentile par nombre de réponses

% des personnes avec chaque résultat

Votre développement - résultats

Vous n’avez pas pris ce quiz